| 000 | 00988nam a2200205Ii 4500 | ||
|---|---|---|---|
| 003 | JO-AjNU | ||
| 008 | 230605s9999||||xx |||||||||||||| ||und|| | ||
| 017 | _a2010/2/484 | ||
| 040 |
_aJO-AjNU _bara _erda _cJO-AjNU |
||
| 041 | _aara | ||
| 050 | 1 | 4 | _aHE 5613 .6 .J6 K37 2010 |
| 100 | 3 |
_aالجمعية الأردنية للبحث العلمي. مؤتمر (4 : 2009 : عمان، الأردن) ؛ منسق المحور: غازي الخطيب ؛ المشرف على السلسلة: انور البطيخي, _eauthor _956841 |
|
| 245 | 0 | 0 | _aالطرق والمرور في الأردن = Highways and traffic in jordan |
| 264 | 3 | 1 | _aعمان: الجمعية الاردنية للبحث العلمي، 2010 |
| 300 |
_a108ص عربي، 80ص انجليزي _bيحتوي على ببلوغرافية من 104-108ص |
||
| 336 |
_atext _btxt _2rdacontent |
||
| 337 |
_aunmediated _bn _2rdamedia |
||
| 338 |
_avolume _bnc _2rdacarrier |
||
| 650 | 4 |
_aالمرور - الطرق - الأردن _956842 |
|
| 999 |
_aA25437 _c29005 _d29005 |
||